000 01004nam a2200265 a 4500
001 ENG-90834
005 20071231103130.0
008 080901t xxu||||| |||| 00| 0 eng d
010 _aENG-90834
020 _c450.00
_a8183870031
035 _aEN-74367
037 _bDBAD /PUB
040 _aDPL
082 _a613.9
100 _aSingh, S.K.
245 _aReproductive child health in the north east region /
_cby S.K. Singh [and] Awadhesh Kumar Singh
260 _aNew Delhi
_bSerials Publications
_c2006
270 _a4, B.S.S. Hall, Khyber Pass Market, Civil Lines,
_bDelhi
_e110054
300 _aviii, 172p.
_c23 cm (Hb)
650 _aReproductive health
_zIndia, Northeastern
650 _aWomen
_xHealth and hygiene
_zIndia, Northeastern
700 _aAwadhesh Kumar Singh
942 _2ddc
_cEN
_h613.9
_mSIN
999 _c15244
_d15244